Euro Truck Simulator 2 - wszystkie miasta - Statystyki

Ogólne statystyki
  • Ten quiz został rozwiązany 647 razy
    14 od ostatniego zresetowania
  • Średni wynik to 130 z 374
Statystyki odpowiedzi
DLC Kraj Miasto % Poprawnych
Going East! Polska Gdańsk
100%
- Polska Poznań
100%
- Czechy Praga
100%
- Polska Szczecin
100%
Going East! Polska Warszawa
100%
- Polska Wrocław
100%
- Niemcy Berlin
90%
- Słowacja Bratysława
90%
- Belgia Bruksela
90%
Going East! Węgry Budapeszt
90%
Going East! Polska Katowice
90%
Going East! Polska Kraków
90%
Going East! Polska Łódź
90%
- Wielka Brytania Londyn
90%
Going East! Polska Lublin
90%
- Luksemburg Luksemburg
90%
Going East! Polska Olsztyn
90%
- Francja Paryż
90%
- Austria Wiedeń
90%
- Holandia Amsterdam
80%
- Belgia Antwerpia
80%
Going East! Polska Białystok
80%
- Czechy Brno
80%
Going East! Węgry Debreczyn
80%
- Austria Graz
80%
- Niemcy Hamburg
80%
- Niemcy Kolonia
80%
Going East! Słowacja Koszyce
80%
- Wielka Brytania Liverpool
80%
- Niemcy Monachium
80%
Going East! Czechy Ostrawa
80%
- Francja Strasburg
80%
Beyond the Baltic Sea Litwa Wilno
80%
Grecja Grecja Ateny
70%
Going East! Słowacja Bańska Bystrzyca
70%
- Szwajcaria Berno
70%
- Niemcy Dortmund
70%
- Niemcy Duisburg
70%
- Wielka Brytania Edynburg
70%
- Holandia Eindhoven
70%
- Wielka Brytania Glasgow
70%
- Niemcy Hanower
70%
Beyond the Baltic Sea Finlandia Helsinki
70%
- Austria Innsbruck
70%
- Niemcy Kilonia
70%
Beyond the Baltic Sea Litwa Kowno
70%
- Belgia Liege
70%
- Austria Linz
70%
- Francja Lyon
70%
- Wielka Brytania Manchester
70%
- Włochy Mediolan
70%
Vive la France! Francja Nicea
70%
- Niemcy Norymberga
70%
Skandynawia Norwegia Oslo
70%
- Niemcy Rostock
70%
- Holandia Rotterdam
70%
Beyond the Baltic Sea Łotwa Ryga
70%
Italia Włochy Rzym
70%
Beyond the Baltic Sea Estonia Tallin
70%
- Włochy Wenecja
70%
- Szwajcaria Zurych
70%
Skandynawia Dania Aalborg
60%
- Wielka Brytania Aberdeen
60%
Iberia Hiszpania Barcelona
60%
Skandynawia Norwegia Bergen
60%
- Wielka Brytania Birmingham
60%
Vive la France! Francja Bordeaux
60%
Road to the Black Sea Rumunia Bukareszt
60%
- Niemcy Drezno
60%
Skandynawia Szwecja Göteborg
60%
Skandynawia Dania Kopenhaga
60%
Skandynawia Szwecja Linköping
60%
- Niemcy Lipsk
60%
Iberia Hiszpania Madryt
60%
- Niemcy Magdeburg
60%
Skandynawia Szwecja Malmö
60%
Vive la France! Francja Marsylia
60%
Skandynawia Dania Odense
60%
Nordic Horizons Finlandia Oulu
60%
Italia Włochy Palermo
60%
Going East! Węgry Pecz
60%
Beyond the Baltic Sea Rosja Petersburg
60%
Beyond the Baltic Sea Rosja Psków
60%
- Austria Salzburg
60%
Road to the Black Sea Turcja Stambuł
60%
Beyond the Baltic Sea Finlandia Tampere
60%
- Włochy Turyn
60%
Skandynawia Dania Århus
50%
West Balkans Serbia Belgrad
50%
- Niemcy Brema
50%
Vive la France! Francja Brest
50%
- Francja Calais
50%
- Wielka Brytania Cardiff
50%
- Francja Dijon
50%
- Szwajcaria Genewa
50%
- Holandia Groningen
50%
Skandynawia Szwecja Jönköping
50%
- Austria Klagenfurt
50%
Beyond the Baltic Sea Litwa Kłajpeda
50%
Beyond the Baltic Sea Rosja Królewiec
50%
- Francja Lille
50%
Iberia Portugalia Lizbona
50%
West Balkans Słowenia Lublana
50%
- Francja Metz
50%
Beyond the Baltic Sea Estonia Narwa
50%
Italia Włochy Neapol
50%
- Wielka Brytania Newcastle
50%
- Wielka Brytania Plymouth
50%
Iberia Portugalia Porto
50%
Grecja Grecja Rodos
50%
Grecja Grecja Saloniki
50%
West Balkans Bośnia i Hercegowina Sarajewo
50%
Going East! Węgry Segedyn
50%
- Wielka Brytania Southampton
50%
West Balkans Chorwacja Split
50%
Skandynawia Norwegia Stavanger
50%
- Niemcy Stuttgart
50%
Skandynawia Szwecja Sztokholm
50%
Beyond the Baltic Sea Estonia Tartu
50%
West Balkans Albania Tirana
50%
- Włochy Triest
50%
Beyond the Baltic Sea Finlandia Turku
50%
Italia Włochy Bari
40%
- Wielka Brytania Dover
40%
- Niemcy Düsseldorf
40%
- Niemcy Erfurt
40%
Skandynawia Dania Esbjerg
40%
Italia Włochy Florencja
40%
- Niemcy Frankfurt nad Menem
40%
Road to the Black Sea Rumunia Gałacz
40%
Road to the Black Sea Rumunia Jassy
40%
Skandynawia Szwecja Kalmar
40%
Skandynawia Szwecja Karlskrona
40%
- Niemcy Kassel
40%
Beyond the Baltic Sea Łotwa Lipawa
40%
- Niemcy Mannheim
40%
West Balkans Serbia Nisz
40%
West Balkans Serbia Nowy Sad
40%
Beyond the Baltic Sea Estonia Pärnu
40%
West Balkans Czarnogóra Podgorica
40%
West Balkans Kosowo Prisztina
40%
- Francja Reims
40%
Vive la France! Francja Rennes
40%
- Wielka Brytania Sheffield
40%
Road to the Black Sea Bułgaria Sofia
40%
- Wielka Brytania Swansea
40%
Beyond the Baltic Sea Litwa Szawle
40%
Vive la France! Francja Tuluza
40%
Nordic Horizons Szwecja Umeå
40%
Skandynawia Szwecja Uppsala
40%
Iberia Hiszpania Walencja
40%
West Balkans Chorwacja Zagrzeb
40%
Iberia Hiszpania A Coruña
30%
Vive la France! Francja Ajaccio
30%
Vive la France! Francja Bajonna
30%
West Balkans Bośnia i Hercegowina Banja Luka
30%
Iberia Hiszpania Bilbao
30%
Italia Włochy Bolonia
30%
Road to the Black Sea Rumunia Braszów
30%
Road to the Black Sea Bułgaria Burgas
30%
Vive la France! Francja Calvi
30%
- Wielka Brytania Cambridge
30%
- Wielka Brytania Carlisle
30%
Beyond the Baltic Sea Łotwa Dyneburg
30%
Road to the Black Sea Turcja Edirne
30%
- Wielka Brytania Felixstowe
30%
Skandynawia Dania Gedser
30%
Italia Włochy Genua
30%
Vive la France! Francja Golfech
30%
Grecja Grecja Heraklion
30%
Skandynawia Szwecja Kapellskär
30%
Italia Włochy Katania
30%
Road to the Black Sea Rumunia Kluż-Napoka
30%
Road to the Black Sea Rumunia Konstanca
30%
Beyond the Baltic Sea Finlandia Kotka
30%
Road to the Black Sea Rumunia Krajowa
30%
Skandynawia Norwegia Kristiansand
30%
Grecja Grecja Larissa
30%
Vive la France! Francja Le Mans
30%
Vive la France! Francja L'Île-Rousse
30%
Beyond the Baltic Sea Rosja Ługa
30%
West Balkans Słowenia Maribor
30%
Italia Włochy Mesyna
30%
Vive la France! Francja Montpellier
30%
Beyond the Baltic Sea Litwa Możejki
30%
Vive la France! Francja Nantes
30%
Nordic Horizons Norwegia Narwik
30%
Skandynawia Szwecja Nynäshamn
30%
Skandynawia Szwecja Örebro
30%
West Balkans Chorwacja Osijek
30%
- Niemcy Osnabrück
30%
Beyond the Baltic Sea Estonia Paldiski
30%
Italia Włochy Parma
30%
Grecja Grecja Patras
30%
Road to the Black Sea Bułgaria Płowdiw
30%
Beyond the Baltic Sea Litwa Poniewież
30%
Vive la France! Francja Roscoff
30%
Nordic Horizons Finlandia Rovaniemi
30%
Iberia Hiszpania Sewilla
30%
West Balkans Macedonia Północna Skopje
30%
Skandynawia Szwecja Södertälje
30%
Road to the Black Sea Turcja Tekirdağ
30%
Road to the Black Sea Rumunia Timișoara
30%
- Niemcy Travemünde
30%
Skandynawia Szwecja Trelleborg
30%
Nordic Horizons Norwegia Trondheim
30%
Skandynawia Szwecja Västerås
30%
Skandynawia Szwecja Växjö
30%
Road to the Black Sea Bułgaria Warna
30%
- Włochy Werona
30%
Beyond the Baltic Sea Łotwa Windawa
30%
Beyond the Baltic Sea Rosja Wyborg
30%
West Balkans Chorwacja Zadar
30%
West Balkans Bośnia i Hercegowina Zenica
30%
Nordic Horizons Norwegia Ålesund
20%
Iberia Hiszpania Algeciras
20%
Iberia Hiszpania Almería
20%
Italia Włochy Ankona
20%
Vive la France! Francja Bastia
20%
West Balkans Macedonia Północna Bitola
20%
Nordic Horizons Norwegia Bodø
20%
Vive la France! Francja Bonifacio
20%
Vive la France! Francja Bourges
20%
Road to the Black Sea Rumunia Cernavodă
20%
Grecja Grecja Chania
20%
Vive la France! Francja Clermont-Ferrand
20%
West Balkans Albania Durrës
20%
Iberia Portugalia Faro
20%
Skandynawia Dania Frederikshavn
20%
Iberia Hiszpania Gijón
20%
Iberia Hiszpania Granada
20%
- Wielka Brytania Grimsby
20%
Skandynawia Szwecja Helsingborg
20%
Skandynawia Dania Hirtshals
20%
Road to the Black Sea Rumunia Hunedoara
20%
Grecja Grecja Janina
20%
Skandynawia Szwecja Karlstad
20%
Nordic Horizons Szwecja Kiruna
20%
West Balkans Słowenia Koper
20%
Iberia Hiszpania Kordoba
20%
Beyond the Baltic Sea Finlandia Kouvola
20%
West Balkans Serbia Kragujevac
20%
Nordic Horizons Finlandia Kuopio
20%
Vive la France! Francja Lacq
20%
Beyond the Baltic Sea Finlandia Lahti
20%
Vive la France! Francja La Rochelle
20%
Vive la France! Francja Le Havre
20%
Vive la France! Francja Limoges
20%
Nordic Horizons Szwecja Luleå
20%
Iberia Hiszpania Málaga
20%
West Balkans Bośnia i Hercegowina Mostar
20%
Iberia Hiszpania Murcja
20%
West Balkans Czarnogóra Nikšić
20%
West Balkans Słowenia Novo Mesto
20%
Italia Włochy Olbia
20%
Vive la France! Francja Paluel
20%
Iberia Hiszpania Pampeluna
20%
Road to the Black Sea Bułgaria Pernik
20%
Vive la France! Francja Porto-Vecchio
20%
West Balkans Chorwacja Rijeka
20%
Road to the Black Sea Bułgaria Ruse
20%
Beyond the Baltic Sea Łotwa Rzeżyca
20%
Vive la France! Francja Saint-Alban-du-Rhône
20%
Vive la France! Francja Saint-Laurent
20%
Iberia Hiszpania Santander
20%
Iberia Hiszpania Saragossa
20%
Iberia Portugalia Setúbal
20%
Beyond the Baltic Sea Rosja Sosnowy Bór
20%
Nordic Horizons Norwegia Tromsø
20%
West Balkans Bośnia i Hercegowina Tuzla
20%
Beyond the Baltic Sea Litwa Uciana
20%
Iberia Hiszpania Valladolid
20%
Iberia Hiszpania Vigo
20%
Road to the Black Sea Bułgaria Wielkie Tyrnowo
20%
Nordic Horizons Norwegia Alta
10%
Road to the Black Sea Rumunia Bacău
10%
Iberia Hiszpania Badajoz
10%
West Balkans Bośnia i Hercegowina Bihać
10%
Nordic Horizons Szwecja Borlänge
10%
Iberia Hiszpania Burgos
10%
Italia Włochy Cagliari
10%
Italia Włochy Cassino
10%
Italia Włochy Catanzaro
10%
Iberia Hiszpania Ciudad Real
10%
Vive la France! Francja Civaux
10%
Iberia Portugalia Coimbra
10%
Nordic Horizons Norwegia Dombås
10%
Iberia Portugalia Évora
10%
West Balkans Albania Fier
10%
Nordic Horizons Szwecja Gävle
10%
Nordic Horizons Norwegia Hamar
10%
Nordic Horizons Norwegia Honningsvåg
10%
Iberia Hiszpania Huelva
10%
West Balkans Bośnia i Hercegowina Karakaj
10%
Road to the Black Sea Bułgaria Karłowo
10%
Nordic Horizons Finlandia Kokkola
10%
Road to the Black Sea Bułgaria Kozłoduj
10%
Beyond the Baltic Sea Estonia Kunda
10%
Iberia Hiszpania León
10%
Nordic Horizons Norwegia Lillehammer
10%
Italia Włochy Livorno
10%
Iberia Hiszpania Lleida
10%
Beyond the Baltic Sea Finlandia Loviisa
10%
Road to the Black Sea Rumunia Mangalia
10%
Iberia Hiszpania Mengíbar
10%
Nordic Horizons Finlandia Mikkeli
10%
Grecja Grecja Mitylena
10%
Nordic Horizons Norwegia Mo i Rana
10%
Iberia Hiszpania O Barco
10%
Iberia Portugalia Olhão
10%
Italia Włochy Pescara
10%
Road to the Black Sea Bułgaria Pirdop
10%
Road to the Black Sea Rumunia Pitești
10%
Road to the Black Sea Bułgaria Plewen
10%
Iberia Portugalia Ponte de Sor
10%
Beyond the Baltic Sea Finlandia Pori
10%
Road to the Black Sea Rumunia Reșița
10%
Iberia Hiszpania Salamanka
10%
Italia Włochy Sassari
10%
Iberia Portugalia Sines
10%
Nordic Horizons Szwecja Skellefteå
10%
Italia Włochy Suzzara
10%
Italia Włochy Taranto
10%
Road to the Black Sea Rumunia Târgu Mureș
10%
Iberia Hiszpania Tarragona
10%
Italia Włochy Terni
10%
Nordic Horizons Finlandia Vaasa
10%
Beyond the Baltic Sea Łotwa Valmiera
10%
Iberia Hiszpania Vila-real
10%
Italia Włochy Villa San Giovanni
10%
Krone Trailer Pack Niemcy Werlte
10%
Feldbinder Trailer Pack Niemcy Winsen
10%
West Balkans Albania Wlora
10%
Iberia Hiszpania Albacete
0%
Iberia Hiszpania Almaraz
0%
Nordic Horizons Norwegia Andenes
0%
Grecja Grecja Argostoli
0%
Nordic Horizons Szwecja Arvidsjaur
0%
Iberia Hiszpania Bailén
0%
Iberia Portugalia Beja
0%
West Balkans Czarnogóra Bijelo Polje
0%
Road to the Black Sea Rumunia Călărași
0%
Grecja Grecja Chios
0%
Iberia Portugalia Cortiçadas de Lavre
0%
Iberia Hiszpania El Ejido
0%
Nordic Horizons Szwecja Falun
0%
Iberia Portugalia Guarda
0%
Nordic Horizons Szwecja Haparanda
0%
Nordic Horizons Finlandia Ivalo
0%
Nordic Horizons Finlandia Joensuu
0%
Nordic Horizons Finlandia Jyväskylä
0%
Nordic Horizons Finlandia Kajaani
0%
Grecja Grecja Kalamata
0%
Nordic Horizons Szwecja Karesuando
0%
Grecja Grecja Kawala
0%
Nordic Horizons Norwegia Kristiansund
0%
Nordic Horizons Finlandia Kuusamo
0%
Grecja Grecja Lamia
0%
Nordic Horizons Finlandia Lappeenranta
0%
Beyond the Baltic Sea Finlandia Naantali
0%
Iberia Hiszpania Navia
0%
Beyond the Baltic Sea Finlandia Olkiluoto
0%
Nordic Horizons Szwecja Örnsköldsvik
0%
Nordic Horizons Szwecja Östersund
0%
Iberia Hiszpania Port de Sagunt
0%
Iberia Hiszpania Puertollano
0%
Iberia Hiszpania Soria
0%
Nordic Horizons Norwegia Steinkjer
0%
Nordic Horizons Szwecja Sundsvall
0%
Nordic Horizons Norwegia Svolvær
0%
Iberia Hiszpania Teruel
0%
Nordic Horizons Finlandia Tornio
0%
Grecja Grecja Trikala
0%
Iberia Hiszpania Vandellòs
0%
Nie znaleziono quizów pasujących do podanych kryteriów
Rozkład punktacji
Procent ludzi z każdym wynikiem
Percentyl według liczby udzielonych odpowiedzi
Twoja historia wyników
Nie rozwiązałeś tego quizu od ostatniego zresetowania